[Event "Athens ChessSquare Spring op"]
[Site "Athens"]
[Date "2015.05.23"]
[Round "3"]
[White "Romanos, Theodoros"]
[Black "Papamichael, Georgios"]
[Result "1-0"]
[WhiteElo "2076"]
[BlackElo "1693"]
[PlyCount "52"]
[EventDate "2015.05.09"]
[EventType "swiss"]
[EventRounds "7"]
[EventCountry "GRE"]
[SourceTitle "EXT 2024"]
[Source "ChessBase"]
[SourceDate "2023.10.10"]
[SourceVersion "1"]
[SourceVersionDate "2023.10.10"]
[SourceQuality "1"]

1. Nf3 Nf6 2. c4 e6 3. d4 d5 4. g3 g6 5. Bg2 Bg7 6. 0-0 c6 7. Qc2 0-0 8. Rd1 Nbd7 9. Bf4 Nh5 10. Bd6 Re8 11. Nbd2 Nhf6 12. Ne5 Nf8 13. c5 N6d7 14. b4 f6 15. Nxd7 Qxd7 16. e4 b6 17. a4 Bb7 18. Rab1 e5 19. exd5 cxd5 20. b5 Ne6 21. Nb3 bxc5 22. dxc5 e4 23. c6 Qxd6 24. cxb7 Rab8 25. Bxe4 Rxb7 26. Bxd5 Rc7 1-0

[Event "Athens Georgiou Memorial 1st"]
[Site "Athens"]
[Date "2015.03.14"]
[Round "2"]
[White "Papamichael, Georgios"]
[Black "Delithanasis, Dimitrios"]
[Result "1/2-1/2"]
[WhiteElo "1688"]
[BlackElo "2184"]
[PlyCount "131"]
[EventDate "2015.03.07"]
[EventType "swiss"]
[EventRounds "7"]
[EventCountry "GRE"]
[SourceTitle "EXT 2024"]
[Source "ChessBase"]
[SourceDate "2023.10.10"]
[SourceVersion "1"]
[SourceVersionDate "2023.10.10"]
[SourceQuality "1"]

1. d4 Nf6 2. Nf3 g6 3. Nc3 d5 4. e3 Bg7 5. b3 0-0 6. Bb2 b6 7. Bd3 Bb7 8. 0-0 Nbd7 9. Qe2 Ne4 10. Nd2 Nxd2 11. Qxd2 e5 12. dxe5 Nxe5 13. Be2 f5 14. Rad1 c6 15. Na4 Qe7 16. Qc1 b5 17. Ba3 b4 18. Bb2 Rac8 19. c4 dxc4 20. Bxc4+ Kh8 21. Bd4 c5 22. Bxe5 Bxe5 23. Bd5 Bxh2+ 24. Kxh2 Qd6+ 25. Kg1 Bxd5 26. Qb2+ Kg8 27. Rd3 Qe6 28. Rfd1 Be4 29. Rd6 Qe7 30. Rd7 Qf6 31. Qxf6 Rxf6 32. Rxa7 Rf7 33. Rxf7 Kxf7 34. f3 Bc6 35. Nxc5 Bxf3 36. gxf3 Rxc5 37. Rd7+ Kf6 38. Rxh7 Rc1+ 39. Kf2 Rc2+ 40. Kg3 Rxa2 41. Rb7 Re2 42. Rxb4 Rxe3 43. Kf4 Re6 44. Rb8 g5+ 45. Kg3 Re3 46. Kf2 Rc3 47. Rb5 f4 48. Rb6+ Kf5 49. Rb5+ Kg6 50. Rb8 Rc2+ 51. Ke1 Rb2 52. b4 Kf6 53. Rb6+ Ke5 54. Rb5+ Kd4 55. Rxg5 Rxb4 56. Ra5 Rb3 57. Kf2 Rb2+ 58. Kf1 Rd2 59. Ke1 Rc2 60. Ra4+ Rc4 61. Ra8 Kd3 62. Re8 Rc1+ 63. Kf2 Rc2+ 64. Kf1 Rh2 65. Re4 Rc2 66. Rxf4 1/2-1/2

[Event "Ambelokipi op 147th"]
[Site "Athens"]
[Date "2014.10.11"]
[Round "5"]
[White "Psoma, Virginia"]
[Black "Papamichael, Georgios"]
[Result "1-0"]
[WhiteElo "1550"]
[BlackElo "1754"]
[PlyCount "71"]
[EventDate "2014.09.13"]
[EventType "swiss"]
[EventRounds "7"]
[EventCountry "GRE"]
[SourceTitle "EXT 2016"]
[Source "ChessBase"]
[SourceDate "2015.10.08"]
[SourceVersion "1"]
[SourceVersionDate "2015.10.08"]
[SourceQuality "1"]

1. e4 d5 2. exd5 Nf6 3. Nf3 Nxd5 4. d4 g6 5. c4 Nb6 6. Nc3 Bg7 7. Be3 c6 8. h3 0-0 9. Qd2 Be6 10. b3 a5 11. Be2 a4 12. 0-0 N8d7 13. c5 Nd5 14. Nxa4 b6 15. cxb6 N5xb6 16. Nxb6 Nxb6 17. Bh6 Ra3 18. Bxg7 Kxg7 19. Qb4 Qa8 20. Qxb6 Rb8 21. Qc5 Bxb3 22. Qe5+ Kg8 23. Rfb1 Ra5 24. d5 f6 25. Qe6+ Kf8 26. Rxb3 Rxb3 27. d6 Rb7 28. dxe7+ Rxe7 29. Qxf6+ Rf7 30. Qd6+ Kg7 31. Bc4 Rf8 32. Ne5 Rf5 33. Qe7+ Kh6 34. Ng4+ Kh5 35. Qxh7+ Kg5 36. Qh6# 1-0

[Event "Ambelokipi op 140th"]
[Site "Athens"]
[Date "2013.12.07"]
[Round "5"]
[White "Papamichael, Georgios"]
[Black "Loupos, Vasilios"]
[Result "1/2-1/2"]
[WhiteElo "1781"]
[BlackElo "2005"]
[PlyCount "105"]
[EventDate "2013.11.11"]
[EventType "swiss"]
[EventRounds "7"]
[EventCountry "GRE"]
[SourceTitle "EXT 2024"]
[Source "ChessBase"]
[SourceDate "2023.10.10"]
[SourceVersion "1"]
[SourceVersionDate "2023.10.10"]
[SourceQuality "1"]

1. Nf3 g6 2. g3 Bg7 3. Bg2 c5 4. 0-0 d5 5. d3 Nf6 6. Nbd2 0-0 7. c3 Nc6 8. Qc2 e5 9. e4 dxe4 10. dxe4 Nh5 11. a4 Be6 12. Rd1 Qe7 13. a5 b5 14. Nf1 Rfd8 15. Ne3 Rxd1+ 16. Qxd1 Rd8 17. Qc2 h6 18. a6 Qd6 19. b3 b4 20. Bf1 bxc3 21. Qxc3 Nd4 22. Nd2 Rb8 23. Ba3 Bf8 24. Nec4 Qc7 25. Bb2 Bg7 26. Ra3 Bg4 27. Ne3 Ne2+ 28. Bxe2 Bxe2 29. Nd5 Qd7 30. Nc4 Qh3 31. Ra1 Re8 32. Qe3 Bg4 33. Nd6 Rd8 34. Nb7 Rxd5 35. exd5 Nf4 36. gxf4 Bf3 37. Qxf3 Qxf3 38. d6 Bf6 39. Bxe5 Bh4 40. Ra2 Qd1+ 41. Kg2 f6 42. Ba1 Qg4+ 43. Kf1 Qxf4 44. Re2 Qf3 45. Rd2 Qxb3 46. d7 f5 47. d8Q+ Bxd8 48. Rxd8+ Kf7 49. Rd7+ Ke8 50. Rd8+ Ke7 51. Rd7+ Ke8 52. Rd8+ Ke7 53. Rd7+ 1/2-1/2

[Event "Athens Siaperas Memorial 9th"]
[Site "Athens"]
[Date "2013.03.02"]
[Round "7"]
[White "Petousis, Konstantinos"]
[Black "Papamichael, Georgios"]
[Result "1/2-1/2"]
[WhiteElo "1637"]
[BlackElo "1836"]
[PlyCount "54"]
[EventDate "2013.02.09"]
[EventType "swiss"]
[EventRounds "7"]
[EventCountry "GRE"]
[SourceTitle "EXT 2024"]
[Source "ChessBase"]
[SourceDate "2023.10.10"]
[SourceVersion "1"]
[SourceVersionDate "2023.10.10"]
[SourceQuality "1"]

1. e4 e6 2. d4 d5 3. Nc3 Bb4 4. e5 Ne7 5. f4 c5 6. a3 Bxc3+ 7. bxc3 Qa5 8. Bd2 c4 9. Nf3 Bd7 10. Be2 Na6 11. 0-0 Nc7 12. Nh4 Ng6 13. Qe1 0-0-0 14. g4 Ba4 15. Ra2 Nxh4 16. Qxh4 Nb5 17. Qe1 g6 18. f5 Qc7 19. fxe6 fxe6 20. Rf6 Qe7 21. g5 Nc7 22. Bg4 Bd7 23. a4 Ne8 24. Rf1 Ng7 25. a5 Nf5 26. Kh1 Kb8 27. Qb1 Bc6 1/2-1/2

[Event "Ambelokipi op 130th"]
[Site "Athens"]
[Date "2012.12.05"]
[Round "?"]
[White "Koutoukidis, Panagiotis"]
[Black "Papamichael, Georgios"]
[Result "1/2-1/2"]
[WhiteElo "2178"]
[BlackElo "1815"]
[PlyCount "67"]
[EventDate "2012.12.01"]
[EventType "swiss"]
[EventRounds "7"]
[EventCountry "GRE"]
[SourceTitle "EXT 2024"]
[Source "ChessBase"]
[SourceDate "2023.10.10"]
[SourceVersion "1"]
[SourceVersionDate "2023.10.10"]
[SourceQuality "1"]

1. e4 e6 2. d4 d5 3. Nc3 dxe4 4. Nxe4 Bd7 5. Nf3 Bc6 6. Bd3 Be7 7. 0-0 Nf6 8. Neg5 Bxf3 9. Qxf3 c6 10. c3 0-0 11. Re1 h6 12. Nh3 Qd5 13. Qe2 Qh5 14. Qc2 Nbd7 15. Bf4 Rfe8 16. Bg3 Qa5 17. b4 Qb6 18. a3 a5 19. Rab1 axb4 20. axb4 Ra3 21. Bc4 Nd5 22. Rb3 Rea8 23. Nf4 Bd6 24. Nd3 Bxg3 25. hxg3 Qd8 26. Nc5 b5 27. Bxd5 exd5 28. Nb7 Qf6 29. Na5 Rxb3 30. Qxb3 Nb6 31. Qd1 Nc4 32. Nxc4 bxc4 33. Qb1 g6 34. Qb2 1/2-1/2

[Event "Athens op 03-B"]
[Site "Athens"]
[Date "2012.03.21"]
[Round "6"]
[White "Papamichael, Georgios"]
[Black "Nemtsas, Hristoforos"]
[Result "0-1"]
[WhiteElo "1854"]
[BlackElo "1889"]
[PlyCount "68"]
[EventDate "2012.03.03"]
[EventType "swiss"]
[EventRounds "7"]
[EventCountry "GRE"]
[SourceTitle "EXT 2014"]
[Source "ChessBase"]
[SourceDate "2013.11.20"]
[SourceVersion "1"]
[SourceVersionDate "2013.11.20"]
[SourceQuality "1"]

1. e4 c5 2. c3 d5 3. exd5 Qxd5 4. d4 Nf6 5. Nf3 e6 6. Na3 Qd8 7. Nc4 Nc6 8. dxc5 Qxd1+ 9. Kxd1 Ng4 10. Ke2 Bxc5 11. Ne3 e5 12. Nxg4 Bxg4 13. Be3 e4 14. Bxc5 0-0-0 15. h3 exf3+ 16. gxf3 Rhe8+ 17. Be3 Bh5 18. h4 Ne5 19. Bh3+ Kc7 20. Bg4 Bg6 21. Rhd1 Bd3+ 22. Rxd3 Nxd3 23. Kf1 Nxb2 24. Rb1 Rd1+ 25. Rxd1 Nxd1 26. Bd4 f6 27. Bf5 Nb2 28. h5 h6 29. Bg6 Re7 30. Bc5 Rd7 31. Ke2 Nc4 32. f4 Rd2+ 33. Kf3 Nd6 34. a3 b6 0-1

[Event "Ambelokipi op 111th"]
[Site "Athens"]
[Date "2011.03.16"]
[Round "2"]
[White "Papamichael, Georgios"]
[Black "Kamenets, Anatolij"]
[Result "0-1"]
[WhiteElo "1863"]
[BlackElo "2261"]
[PlyCount "58"]
[EventDate "2011.03.12"]
[EventType "swiss"]
[EventRounds "7"]
[EventCountry "GRE"]
[SourceTitle "EXT 2024"]
[Source "ChessBase"]
[SourceDate "2023.10.10"]
[SourceVersion "1"]
[SourceVersionDate "2023.10.10"]
[SourceQuality "1"]

1. e4 g6 2. d4 Bg7 3. Nc3 d6 4. Bg5 c5 5. Bb5+ Bd7 6. Bxd7+ Nxd7 7. Nf3 cxd4 8. Nxd4 Ngf6 9. 0-0 0-0 10. Re1 h6 11. Be3 Ne5 12. h3 Nc4 13. Bc1 Rc8 14. b3 Qa5 15. Nd5 Nxd5 16. exd5 Qxd5 17. c3 Nb6 18. Rxe7 Rxc3 19. Bb2 Qxd4 20. Qxd4 Bxd4 21. Bxc3 Bxc3 22. Rc1 Bd2 23. Rc2 Bb4 24. Rxb7 d5 25. Rxa7 d4 26. a3 d3 27. Rc1 d2 28. Rf1 Rd8 29. Rd1 Re8 0-1

[Event "Ambelokipi op 107th"]
[Site "Athens"]
[Date "2010.10.02"]
[Round "7.5"]
[White "Papamichael, Georgios"]
[Black "Ilandzis, Spyridon"]
[Result "0-1"]
[WhiteElo "1879"]
[BlackElo "2176"]
[PlyCount "46"]
[EventDate "2010.09.11"]
[EventType "swiss"]
[EventRounds "7"]
[EventCountry "GRE"]
[SourceTitle "EXT 2024"]
[Source "ChessBase"]
[SourceDate "2023.10.10"]
[SourceVersion "1"]
[SourceVersionDate "2023.10.10"]
[SourceQuality "1"]

1. e4 e6 2. d4 b6 3. Nc3 Bb7 4. Bd3 Nf6 5. Nge2 c5 6. 0-0 c4 7. Bxc4 Nxe4 8. Nxe4 Bxe4 9. d5 Bc5 10. Ng3 Bg6 11. Qf3 e5 12. c3 Qh4 13. d6 Qxc4 14. Qxa8 0-0 15. Rd1 Nc6 16. Qb7 f5 17. Bg5 f4 18. Nf1 Qe2 19. Rd2 Qg4 20. Be7 Be4 21. Ng3 fxg3 22. hxg3 Qxg3 23. Kf1 Rxf2+ 0-1

[Event "Nikaia op 17th"]
[Site "Nikaia"]
[Date "2009.08.27"]
[Round "7"]
[White "Lazaridis, Stavros"]
[Black "Papamichael, Georgios"]
[Result "0-1"]
[WhiteElo "2153"]
[BlackElo "1884"]
[PlyCount "64"]
[EventDate "2009.08.22"]
[EventType "swiss"]
[EventRounds "9"]
[EventCountry "GRE"]
[SourceTitle "CBM 132 Extra"]
[Source "ChessBase"]
[SourceDate "2009.11.03"]
[SourceVersion "1"]
[SourceVersionDate "2009.11.03"]
[SourceQuality "1"]

1. e4 e6 2. d4 d5 3. Nc3 dxe4 4. Nxe4 Nd7 5. Nf3 Be7 6. c3 Ngf6 7. Nxf6+ Bxf6 8. Bd3 0-0 9. 0-0 c5 10. Qe2 cxd4 11. Nxd4 Nc5 12. Bxh7+ Kxh7 13. Qh5+ Kg8 14. Qxc5 b6 15. Qc6 Ba6 16. Rd1 Qe7 17. Bf4 Rfd8 18. Qf3 Bb7 19. Qg3 Rd5 20. Nf3 Rad8 21. Re1 Rd3 22. Be3 R8d5 23. Qb8+ Kh7 24. Qxa7 Qd7 25. a4 Rf5 26. Qxb6 e5 27. Qb5 Bc6 28. Qc4 Rxf3 29. gxf3 Bxf3 30. Bg5 Rd4 31. Re4 Rxc4 32. Rxc4 Bxg5 0-1

[Event "Nikaia op 17th"]
[Site "Nikaia"]
[Date "2009.08.25"]
[Round "5"]
[White "Hristodoulou, Panagiotis"]
[Black "Papamichael, Georgios"]
[Result "1-0"]
[WhiteElo "2125"]
[BlackElo "1884"]
[PlyCount "59"]
[EventDate "2009.08.22"]
[EventType "swiss"]
[EventRounds "9"]
[EventCountry "GRE"]
[SourceTitle "CBM 132 Extra"]
[Source "ChessBase"]
[SourceDate "2009.11.03"]
[SourceVersion "1"]
[SourceVersionDate "2009.11.03"]
[SourceQuality "1"]

1. e4 e6 2. d4 d5 3. Nd2 dxe4 4. Nxe4 Nd7 5. Nf3 Be7 6. Bd3 b6 7. Bb5 Ngf6 8. Ne5 0-0 9. Nc6 Qe8 10. Qf3 Nxe4 11. Qxe4 Bb7 12. c3 Bf6 13. 0-0 Qc8 14. Bf4 a6 15. Ba4 Re8 16. Rfe1 b5 17. Bc2 g6 18. a4 Nb6 19. axb5 axb5 20. Bd3 e5 21. dxe5 Rxa1 22. Rxa1 Nd7 23. Bxb5 Bxe5 24. Qb4 Bxf4 25. Qxf4 Re6 26. Nd4 Re4 27. Qg5 Re5 28. Bxd7 Rxg5 29. Bxc8 Bxg2 30. h4 1-0

[Event "Nikaia op 17th"]
[Site "Nikaia"]
[Date "2009.08.23"]
[Round "2"]
[White "Papamichael, Georgios"]
[Black "Managadze, Nikoloz"]
[Result "0-1"]
[WhiteElo "1884"]
[BlackElo "2459"]
[PlyCount "44"]
[EventDate "2009.08.22"]
[EventType "swiss"]
[EventRounds "9"]
[EventCountry "GRE"]
[SourceTitle "CBM 132 Extra"]
[Source "ChessBase"]
[SourceDate "2009.11.03"]
[SourceVersion "1"]
[SourceVersionDate "2009.11.03"]
[SourceQuality "1"]

1. d4 g6 2. e4 Bg7 3. Nc3 d6 4. f4 c6 5. Nf3 Bg4 6. Be3 Nd7 7. Be2 e5 8. fxe5 dxe5 9. 0-0 Bxf3 10. Rxf3 exd4 11. Bxd4 Ne5 12. Bxe5 Qb6+ 13. Kh1 Bxe5 14. Bc4 f6 15. Be6 Rd8 16. Qf1 Ke7 17. Qc4 Rd4 18. Qb3 Rb4 19. Qa3 Kxe6 20. Rd1 Ne7 21. Na4 Qa5 22. c3 Qxa4 0-1

[Event "Nikaia op 16th"]
[Site "Nikaia"]
[Date "2008.08.30"]
[Round "7"]
[White "Delithanasis, Dimitrios"]
[Black "Papamichael, Georgios"]
[Result "1-0"]
[WhiteElo "2228"]
[BlackElo "1860"]
[PlyCount "39"]
[EventDate "2008.08.25"]
[EventType "swiss"]
[EventRounds "9"]
[EventCountry "GRE"]
[SourceTitle "CBM 126 Extra"]
[Source "ChessBase"]
[SourceDate "2008.11.05"]
[SourceVersion "1"]
[SourceVersionDate "2008.11.05"]
[SourceQuality "1"]

1. Nf3 d5 2. c4 e6 3. d4 c6 4. Bg5 Qa5+ 5. Nbd2 Nd7 6. e3 Bd6 7. a3 h6 8. b4 Qc7 9. Bh4 g5 10. Bg3 f5 11. cxd5 exd5 12. Bd3 Ndf6 13. Ne5 Ne7 14. h4 g4 15. h5 0-0 16. Bf4 Kg7 17. Qc2 Be6 18. f3 Nd7 19. Qb2 Nxe5 20. dxe5 1-0

[Event "Ambelokipi op 87th"]
[Site "Athens"]
[Date "2008.05.21"]
[Round "4"]
[White "Papamichael, Georgios"]
[Black "Anastasopoulos, Spyros"]
[Result "0-1"]
[WhiteElo "1916"]
[BlackElo "2201"]
[PlyCount "55"]
[EventDate "2008.05.10"]
[EventType "swiss"]
[EventRounds "7"]
[EventCountry "GRE"]
[SourceTitle "EXT 2010"]
[Source "ChessBase"]
[SourceDate "2010.11.25"]
[SourceVersion "1"]
[SourceVersionDate "2010.11.25"]
[SourceQuality "1"]

1. d4 d5 2. Nc3 c6 3. e4 dxe4 4. Nxe4 Nd7 5. Bc4 Ngf6 6. Ng5 e6 7. Ne2 Bd6 8. 0-0 Qc7 9. h3 h6 10. Nf3 0-0 11. Nc3 a6 12. Re1 b5 13. Bd3 c5 14. Be4 Nxe4 15. Nxe4 Be7 16. Be3 Rd8 17. Qe2 cxd4 18. Nxd4 Bb7 19. Qg4 Ne5 20. Qf4 g5 21. Nxg5 hxg5 22. Qg3 Rac8 23. b3 Ng6 24. Qg4 Bf6 25. Rad1 Qc3 26. Nxe6 Ne5 27. Qf5 Qc6 28. Qh7+ 0-1

[Event "Athens Siaperas Memorial 4th"]
[Site "Athens"]
[Date "2008.02.23"]
[Round "4"]
[White "Papamichael, Georgios"]
[Black "Poulos, Georgios"]
[Result "0-1"]
[WhiteElo "1918"]
[BlackElo "2064"]
[PlyCount "44"]
[EventDate "2008.02.09"]
[EventType "swiss"]
[EventRounds "7"]
[EventCountry "GRE"]
[SourceTitle "EXT 2010"]
[Source "ChessBase"]
[SourceDate "2010.11.25"]
[SourceVersion "1"]
[SourceVersionDate "2010.11.25"]
[SourceQuality "1"]

1. d4 Nf6 2. Nc3 d5 3. Bg5 Nbd7 4. e3 g6 5. f4 Bg7 6. Bd3 0-0 7. Nf3 c5 8. 0-0 e6 9. Qe1 Qb6 10. Rb1 Ng4 11. Na4 Qc6 12. Nxc5 Nxc5 13. dxc5 Qxc5 14. Qh4 f6 15. Qxg4 e5 16. f5 e4 17. Nh4 fxg5 18. Nxg6 Qxe3+ 19. Kh1 hxg6 20. Rbe1 Bxf5 21. Qxf5 Rxf5 22. Rxe3 exd3 0-1

[Event "Ambelokipi op 84th"]
[Site "Athens"]
[Date "2008.01.30"]
[Round "6"]
[White "Papamichael, Georgios"]
[Black "Geroukalis, Athanasios"]
[Result "0-1"]
[WhiteElo "1938"]
[BlackElo "2012"]
[PlyCount "86"]
[EventDate "2008.01.12"]
[EventType "swiss"]
[EventRounds "7"]
[EventCountry "GRE"]
[SourceTitle "EXT 2010"]
[Source "ChessBase"]
[SourceDate "2010.11.25"]
[SourceVersion "1"]
[SourceVersionDate "2010.11.25"]
[SourceQuality "1"]

1. d4 Nf6 2. Nc3 g6 3. Bg5 Bg7 4. e4 d6 5. e5 dxe5 6. dxe5 Qxd1+ 7. Rxd1 Ng4 8. f3 h6 9. Bh4 Ne3 10. Rd3 Nxf1 11. Nd5 Bxe5 12. Bxe7 Bf5 13. Bf6 Bxf6 14. Nxf6+ Ke7 15. Ne4 Nxh2 16. Rxh2 Nd7 17. Re3 Be6 18. g4 b6 19. Nh3 h5 20. Nf4 hxg4 21. Rxh8 Rxh8 22. Ng5 Rh1+ 23. Kd2 gxf3 24. Nxf3 Kf6 25. Nxe6 fxe6 26. Rc3 c5 27. Ra3 a5 28. Rd3 Ne5 29. Nxe5 Kxe5 30. Rg3 Kf5 31. Rb3 Rh2+ 32. Kd1 g5 33. Ke1 Rxc2 34. Rxb6 g4 35. Rb5 g3 36. Kf1 Kf4 37. Rxa5 e5 38. Ra8 Rxb2 39. a4 g2+ 40. Kg1 c4 41. Rc8 e4 42. Rxc4 Kf3 43. Rc1 Rb8 0-1

[Event "Ambelokipi op 74th"]
[Site "Athens"]
[Date "2006.12.16"]
[Round "5"]
[White "Papamichael, Georgios"]
[Black "Syfantos, Nikolaos"]
[Result "0-1"]
[WhiteElo "1949"]
[BlackElo "1854"]
[PlyCount "82"]
[EventDate "2006.12.06"]
[EventType "swiss"]
[EventRounds "7"]
[EventCountry "GRE"]
[SourceTitle "EXT 2008"]
[Source "ChessBase"]
[SourceDate "2007.11.25"]
[SourceVersion "1"]
[SourceVersionDate "2007.11.25"]
[SourceQuality "1"]

1. d4 d5 2. Nc3 Nf6 3. Bg5 Nbd7 4. Nf3 c6 5. Qd3 g6 6. e4 dxe4 7. Nxe4 Bg7 8. 0-0-0 0-0 9. g3 h6 10. Nxf6+ Nxf6 11. Bd2 Bf5 12. Qb3 Qb6 13. Bc4 Qxb3 14. axb3 b5 15. Be2 Be4 16. Be3 Nd5 17. Rhe1 Nxe3 18. fxe3 Rad8 19. Nd2 Bf5 20. e4 Bc8 21. Nf3 Bg4 22. Ng1 Bxe2 23. Nxe2 b4 24. c4 Rd7 25. Rd3 Rfd8 26. Red1 f5 27. exf5 gxf5 28. Kc2 e6 29. Ra1 e5 30. d5 e4 31. Rdd1 cxd5 32. Rxd5 Rxd5 33. cxd5 Rxd5 34. Rxa7 e3 35. Nf4 Rd2+ 36. Kc1 Bxb2+ 37. Kb1 e2 38. Nxe2 Rxe2 39. Ra2 Rxh2 40. Rxb2 Rxb2+ 41. Kxb2 f4 0-1

[Event "Ambelokipi op 73rd"]
[Site "Athens"]
[Date "2006.11.18"]
[Round "5"]
[White "Daifas, Ioannis"]
[Black "Papamichael, Georgios"]
[Result "1-0"]
[WhiteElo "2087"]
[BlackElo "1949"]
[PlyCount "113"]
[EventDate "2006.11.04"]
[EventType "swiss"]
[EventRounds "7"]
[EventCountry "GRE"]
[SourceTitle "EXT 2008"]
[Source "ChessBase"]
[SourceDate "2007.11.25"]
[SourceVersion "1"]
[SourceVersionDate "2007.11.25"]
[SourceQuality "1"]

1. e4 e6 2. d4 d5 3. e5 c5 4. c3 Qb6 5. Nf3 cxd4 6. cxd4 Nc6 7. Nc3 a6 8. Bd3 Bd7 9. Bc2 Nge7 10. 0-0 g6 11. Na4 Qa7 12. a3 Bg7 13. b4 0-0 14. Nc5 b6 15. Nb3 Rac8 16. Bb2 Rc7 17. Qd2 Rfc8 18. Bd3 a5 19. b5 Nb8 20. a4 Be8 21. Rfc1 Nd7 22. Rxc7 Rxc7 23. Rc1 Qb7 24. Ba3 Bf8 25. Bd6 Rxc1+ 26. Qxc1 Qc8 27. Qd2 Kg7 28. g4 Ng8 29. Bxf8+ Nxf8 30. Qc2 Qxc2 31. Bxc2 f6 32. exf6+ Nxf6 33. Ne5 g5 34. Nd2 Bg6 35. Bxg6 Nxg6 36. Ndf3 h6 37. Nxg6 Kxg6 38. Ne5+ Kg7 39. f3 Kf8 40. Kg2 Ke7 41. Kg3 Ke8 42. h4 Ke7 43. hxg5 hxg5 44. f4 Ne4+ 45. Kf3 gxf4 46. Kxf4 Nc3 47. g5 Nxa4 48. Nc6+ Kf7 49. Ke5 Nc3 50. Nxa5 Nxb5 51. Nc6 Nc7 52. Nd8+ Kg6 53. Nxe6 Nxe6 54. Kxe6 Kxg5 55. Kxd5 Kf6 56. Kc6 Ke6 57. d5+ 1-0

[Event "Ambelokipi op 73rd"]
[Site "Athens"]
[Date "2006.11.08"]
[Round "2"]
[White "Papamichael, Georgios"]
[Black "Patrinos, Ilias"]
[Result "1-0"]
[WhiteElo "1949"]
[BlackElo "1943"]
[PlyCount "41"]
[EventDate "2006.11.04"]
[EventType "swiss"]
[EventRounds "7"]
[EventCountry "GRE"]
[SourceTitle "EXT 2008"]
[Source "ChessBase"]
[SourceDate "2007.11.25"]
[SourceVersion "1"]
[SourceVersionDate "2007.11.25"]
[SourceQuality "1"]

1. d4 d6 2. e4 Nf6 3. Nc3 c6 4. h3 Nbd7 5. Nf3 e5 6. Bc4 b5 7. Bd3 b4 8. Ne2 Qc7 9. 0-0 exd4 10. Nexd4 Nc5 11. Re1 Be7 12. e5 dxe5 13. Nxe5 Nxd3 14. Qxd3 0-0 15. Bf4 Bd6 16. Ndxc6 Bb7 17. Nd4 a6 18. Nf5 Bxe5 19. Bxe5 Qa5 20. Bxf6 Bc8 21. Qg3 1-0

[Event "Nikaia op 14th"]
[Site "Nikaia"]
[Date "2006.08.??"]
[Round "2"]
[White "Papamichael, Georgios"]
[Black "Brandenburg, Daan"]
[Result "0-1"]
[WhiteElo "1949"]
[BlackElo "2392"]
[PlyCount "32"]
[EventDate "2006.08.??"]
[EventType "swiss"]
[EventRounds "9"]
[EventCountry "GRE"]
[SourceTitle "EXT 2008"]
[Source "ChessBase"]
[SourceDate "2007.11.25"]
[SourceVersion "1"]
[SourceVersionDate "2007.11.25"]
[SourceQuality "1"]

1. d4 Nf6 2. Nc3 d5 3. Bg5 Nbd7 4. Nf3 c6 5. Qd3 h6 6. Bf4 Qa5 7. 0-0-0 b5 8. Ne5 Bb7 9. Bd2 b4 10. Nb1 e6 11. Nxd7 Nxd7 12. a3 c5 13. dxc5 Nxc5 14. Qd4 Rc8 15. Qe3 d4 16. Qg3 d3 0-1

[Event "Heraklio op 9th"]
[Site "Heraklion"]
[Date "2005.??.??"]
[Round "2"]
[White "Gogolis, Alexandros"]
[Black "Papamichael, Georgios"]
[Result "1-0"]
[WhiteElo "2240"]
[BlackElo "1955"]
[PlyCount "55"]
[EventDate "2005.06.??"]
[EventType "swiss"]
[EventRounds "9"]
[EventCountry "GRE"]
[SourceTitle "EXT 2007"]
[Source "ChessBase"]
[SourceDate "2006.11.23"]
[SourceVersion "1"]
[SourceVersionDate "2006.11.23"]
[SourceQuality "1"]

1. d4 d5 2. Bg5 Bf5 3. e3 h6 4. Bh4 Nf6 5. Bxf6 gxf6 6. c4 c6 7. Nc3 e6 8. cxd5 cxd5 9. Qb3 Qc7 10. Nf3 Nd7 11. Rc1 a6 12. Be2 Bd6 13. 0-0 Qb6 14. Nd2 Qxb3 15. Nxb3 Ke7 16. a3 Rhc8 17. Na5 b6 18. Nb3 Bg6 19. Na2 b5 20. Nb4 Bxb4 21. axb4 a5 22. Nxa5 Bc2 23. Ra1 Rab8 24. Rfc1 e5 25. Ra3 e4 26. Rc3 Rxc3 27. bxc3 Ba4 28. Nc6+ 1-0